| 000 | 00758nam a2200241 i 4500 | ||
|---|---|---|---|
| 001 | bgj | ||
| 100 | 1 | _aABBS, Brian | |
| 245 | 1 | 0 |
_aSnapshot : _blanguage booster : workbook with grammar builder / _cBrian Abbs ; Ingrid Freebairn ; Chris Baker with Olivia Johnston. |
| 260 |
_aHarlow, Essex : _bLongman, _c1998. |
||
| 300 |
_a152 pp : _bill. ; _c30 cm. |
||
| 650 | 9 | _aEnglish language | |
| 655 | _aTextbooks for foreigners | ||
| 655 | _aTextbooks for secondary schools | ||
| 700 | 1 |
_aFREEBAIRN, Ingrid. _eco-author |
|
| 700 | 1 |
_aBAKER, Chris. _eco-author |
|
| 700 | 1 |
_aJOHNSTON, Olivia. _eco-author |
|
| 020 | _a0582332931 | ||
| 040 | _cBPK | ||
| 041 | 0 | _aeng | |
| 920 | _a0-582-33293-1 | ||
| 942 | _cKS | ||
| 008 | s uk f |000 0 eng | ||
| 999 |
_c48509 _d48509 |
||
| 856 |
_uhttp://koha.tu.koszalin.pl/cgi-bin/koha/opac-detail.pl?biblionumber=48509 _yKatalog online BPK |
||